| 000 | 00793nam a2200229Ia 4500 | ||
|---|---|---|---|
| 001 | 74436 | ||
| 003 | 149066 | ||
| 005 | 20241001062704.0 | ||
| 008 | ||||||n9999 ||| || || | ||
| 245 | 0 | _aAportes de la gerencia social al programa pedagógico de la convivencia en el Putumayo | |
| 562 | _e1 | ||
| 650 | 0 |
_aConflicto armado _910156 |
|
| 650 |
_aCONVIVENCIA PACIFICA _93030 |
||
| 650 |
_aCULTURA DE LA VIOLENCIA _994685 |
||
| 650 |
_aESPECIALIZACIÓN EN GERENCIA SOCIAL--TESIS Y DISERTACIONES ACADÉMICAS _924038 |
||
| 650 |
_aPROCESO PEDAGOGICO _971427 |
||
| 650 |
_aPUTUMAYO (COLOMBIA) _91949 |
||
| 650 |
_aTESIS Y DISERTACIONES ACADÉMICAS _996129 |
||
| 650 |
_aVIOLENCIA--ASPECTOS POLÍTICOS _91137 |
||
| 650 | 0 |
_aVIOLENCIA--ASPECTOS SOCIALES _y1998 _982087 |
|
| 942 | _cTESIS | ||
| 999 |
_c74436 _d74436 |
||